Ανάπτυξη μεθόδων για την προώθηση της μη-τυπικής περιβαλλοντικής εκπαίδευσης : μεταπτυχιακή διπλωματική εργασία

Αποθηκεύτηκε σε:
Λεπτομέρειες βιβλιογραφικής εγγραφής
Κύριος συγγραφέας: Κώτσιος, Βάϊος
Άλλοι συγγραφείς: Παρασκευόπουλος, Στέφανος (Εισηγητής διατριβής), Αναστασάτος, Νικόλαος Θ. (Εισηγητής διατριβής), Καΐλα, Μαρία Α. (Εισηγητής διατριβής)
Μορφή: Thesis Βιβλίο
Γλώσσα:Greek
Δημοσίευση: Ρόδος : Πανεπιστήμιο Αιγαίου, Σχολή Ανθρωπιστικών Επιστημών, Τμήμα Επιστημών της Προσχολικής Αγωγής και του Εκπαιδευτικού Σχεδιασμού, 2007.
Θέματα:
Διαθέσιμο Online:http://hdl.handle.net/11610/15841
Ετικέτες: Προσθήκη ετικέτας
Δεν υπάρχουν, Καταχωρήστε ετικέτα πρώτοι!

MARC

LEADER 00000cam a2200000 i 4500
001 1/43033
008 070404s2007 gre d
035 |l 10087505 
040 |a GR-MY-UA  |b gre  |e aacr 
041 0 |a gre 
082 7 |a 372.357   |2 (22) 
100 1 |a Κώτσιος, Βάϊος. 
245 1 0 |a Ανάπτυξη μεθόδων για την προώθηση της μη-τυπικής περιβαλλοντικής εκπαίδευσης :   |b μεταπτυχιακή διπλωματική εργασία /   |c Κώτσιος Βάϊος ; Παρασκευόπουλος Στέφανος (επιβλέπων) ; μέλη επιτροπής: Καϊλα Μαρία, Αναστασάτος Νικόλαος.  
260 |a Ρόδος :   |b Πανεπιστήμιο Αιγαίου, Σχολή Ανθρωπιστικών Επιστημών, Τμήμα Επιστημών της Προσχολικής Αγωγής και του Εκπαιδευτικού Σχεδιασμού,   |c 2007.  
300 |a 303 σ. ;   |c 30 εκ. 
502 |a Διατριβή (μεταπτυχιακή) – Πανεπιστήμιο Αιγαίου, Ρόδος, 2006. 
504 |a Βιβλιογραφία: σ. 300-304.  
610 2 0 |a University of the Aegean  |x Dissertations. 
650 0 0 |a Environmental education. 
650 0 0 |a Education of children. 
650 0 0 |a Environmental ethics. 
650 0 0 |a Environmental protection  |x Citizen participation. 
650 0 0 |a Dissertations, Academic  |z Greece. 
700 1 |a Παρασκευόπουλος, Στέφανος.  |4 ths 
700 1 |a Αναστασάτος, Νικόλαος Θ.  |4 ths 
700 1 |4 ths  |a Καΐλα, Μαρία Α. 
852 |a INST  |b RHODES  |c DIATR  |e 20070404  |h 372.357 ΚΩΤ  |p 005400026776  |q 005400026776  |t MTXE  |y 23 
852 |a INST  |b RHODES  |c DIATR  |e 20070404  |h 372.357 ΚΩΤ  |p 005400026777  |q 005400026777  |t MTXE  |y 23 
856 |u http://hdl.handle.net/11610/15841 
901 |a BIBL4-2007-1 
909 |a Ρ  |b 127774 
909 |a Ρ  |b 127773 
924 |a Κώτσιος  |b Βάϊος  |y Ρόδος  |z 2006-07 
970 |a Μίσσος  |b Σταύρος  |z 2007/04/04